Datum a čas kvízu
33.5
Celkem bodů
Celkový počet nahraných bodů na tomto kvízu bez doplňovacích otázek.
11.
Pořadí na kvízu
Konečné umístění týmu na tomto kvízu.
Zaznamenané odpovědi
| # | Otázka | Odpověď | Body | Výsledky |
|---|---|---|---|---|
| 1. | Předseda poslanecké sněmovny T... | o klik | 1 | |
| 2. | Minulý týden jsme se dozvěděli... | A | 0 | |
| 3. | Jedna česká sportovkyně se v p... | Petra Kvitová | 1 | |
| 4. | Vláda kterého evropského státu... | Polska | 0 | |
| 5. | „Všichni už jsou v Mexiku, Bue... | 3:1 | 0 | |
| 6. | Vítězné téma facebookového hla... | 1D 2B 3A 4C | 0 | |
| 7. | Ve Formuli 1 můžeme občas zazn... | A | 1 | |
| 8. | Nejvíce velkých cen, k sezóně... | A | 0 | |
| 9. | Tato stáj působila ve Formuli... | Brawn GP | 0 | |
| 10. | Ve kterém státě se nachází záv... | v Japonsku | 1 |